LEADER 00978nam a2200229 i 4500 001 000000144627 003 CaOOAMICUS 005 20051107000000.0 008 051107s1965 it u000 u ita u 013 $a119985 040 $aSeMil$bita 245 10$aSituazioni e problemi sociali dell'Italia in trasformazione. 260 $aMilano :$bIstituto Sociale Ambrosiano,$c1965. 300 $a237 p. ;$c17 cm. 490 0 $aQuaderni di formazione sociale ;$v8 650 4$aSocietà - Italia - Sec. 20.-21.$0(OLS)http://semarc/subject/16029 830 0$aQuaderni di formazione sociale ;$v8.$0(OLS)http://semarc/title/13525 850 $aSeMil 852 $aSeMil$W1$xVenegono$y1$m3M I 20$j97519$B97519$CSeMilBibl$Z2$F105364 $81 961 $aRecupero: Biblioteca Seminario Saronno 996 $6245$aSituazioni e problemi sociali dell'Italia in trasformazione$9(OLS)http://semarc/title/211547 996 $6260$aMilano :$bIstituto Sociale Ambrosiano$9(OLS)http://semarc/publisher/31712 LEADER 01153nam a2200241 i 4500 001 000000034487 003 CaOOAMICUS 005 20200924101014.0 008 131219s1799 it u000 u ita u 013 $a1043 026 $aA.A. n-u- I.po (1ro (7) 1799 (R) 040 $aSeMil$bita 240 10$aDiscorso ai Gentili; Esortazione ai Gentili; Orazione sopra la monarchia; Lettera a Diogneto; Lettera a Zena e Sereno; Apologia prima; Apologia seconda.$0(OLS)http://semarc/title/46686 245 10$aTomo 1. 300 $a541, [3] p. 500 $aSegn.: A-2L8 700 1 $aIustinus,$c.$0(OLS)http://semarc/name/89704 773 0 $aIustinus $tOpere di san Giustino filosofo e martire. Recate dal greco in italiano con prefazioni e note da d. Gio. Battista Gallicciolli. Tomo 1. [-2.].$dIn Venezia : Dalla Tipografia di Curti qu. Giacomo, 1799.$g1$w()9599 850 $aSeMil 852 $aSeMil$W1$xVenegono$y1$m2T V 11 FA$j642$B642$CSeMilBibl$Z2$F642 $8I 961 $aOmaggio: Biblioteca Seminario Duomo 996 $6245$aTomo 1$9(OLS)http://semarc/title/46685